| 000 | 01404cam a22003737a 4500 | ||
|---|---|---|---|
| 001 | 000041428 | ||
| 003 | CHAP | ||
| 005 | 20220329135656.0 | ||
| 008 | 971013s1976 r 00010 d | ||
| 010 | _a40370 | ||
| 011 | _a41342 | ||
| 035 | _a45468 | ||
| 040 | _cCHAP | ||
| 090 | _aFolleto 2660 | ||
| 110 | 2 |
_aENA. Colegio de Postgraduados. Chapingo, Méx. _936679 |
|
| 245 | 1 | 0 | _aManual para la elaboración de tesis e instructivo para la obtención del examen de grado en el Colegio de Postgraduados de Chapingo. |
| 260 |
_a(México, D. F.) : _b(ENA), _c1976. |
||
| 300 | _a48 p. | ||
| 500 | _aLa biblioteca tiene : 1976, 1973 | ||
| 500 | _aTitulo varia : Manual para la elaboración y presentación de tesis del Colegio de Postgraduados. | ||
| 590 |
_aBATCH-UPD _b10 _c20130110 _lUCH01 _h1607 |
||
| 590 |
_aBATCH-UPD _b10 _c20130410 _lUCH01 _h1003 |
||
| 590 |
_aBATCH-UPD _b10 _c20130914 _lUCH01 _h2051 |
||
| 590 |
_aCONVERSION _b10 _c20130109 _lUCH01 _h1322 |
||
| 590 |
_aE5995AHE _b05 _c20150203 _lUCH01 _h1416 |
||
| 590 |
_aE5995AHE _b05 _c20150203 _lUCH01 _h1417 |
||
| 650 | 1 | 4 |
_aTrabajos científicos _xElaboración. _9114562 |
| 901 | _aBK | ||
| 942 | _cFOLL | ||
| 942 | _n0 | ||
| 949 |
_aFolleto 2660 (1976) _bBC _cFOLL _d-103827 _eTS2 _fc.2 _i45468 _si |
||
| 949 |
_aFolleto 2660 (1976) _bBC _cFOLL _d-103829 _eTS2 _fc.3 _i45468 _si |
||
| 949 |
_aFolleto 2660 (1976) _bBC _cUACH _d-103826 _eUACH _i45468 _si |
||
| 999 |
_c40370 _d40370 |
||